[Event "SVK-ch Amateurs"]
[Site "Liptovsky Jan"]
[Date "2023.06.18"]
[Round "8"]
[White "Horbal, Jozef"]
[Black "Urcikan, Filip"]
[Result "1-0"]
[WhiteElo "1626"]
[BlackElo "1393"]
[PlyCount "51"]
[EventDate "2023.06.15"]
[EventType "swiss"]
[EventRounds "8"]
[EventCountry "SVK"]
[SourceTitle "CBM 214 Extra"]
[Source "ChessBase"]
[SourceDate "2023.07.31"]
[SourceVersion "1"]
[SourceVersionDate "2023.07.31"]
[SourceQuality "1"]

1. d4 d5 2. c4 c6 3. Nf3 Nf6 4. Nc3 e6 5. e3 Bd6 6. Qc2 0-0 7. Be2 Nbd7 8. 0-0 b6 9. b3 Bb7 10. Bb2 a5 11. Rad1 Qc7 12. e4 dxe4 13. Nxe4 Nxe4 14. Qxe4 c5 15. Qh4 cxd4 16. Qxd4 Bxh2+ 17. Nxh2 Nf6 18. Qd6 Qxd6 19. Rxd6 Ne4 20. Rxb6 Ba6 21. Bf3 Nd2 22. Re1 Ra7 23. Bc3 Nxc4 24. bxc4 Bxc4 25. a3 Bb3 26. Rxb3 1-0

[Event "SVK-ch Amateurs"]
[Site "Liptovsky Jan"]
[Date "2023.06.18"]
[Round "7"]
[White "Urcikan, Filip"]
[Black "Bartanus, Stanislav"]
[Result "1/2-1/2"]
[WhiteElo "1393"]
[BlackElo "1792"]
[PlyCount "62"]
[EventDate "2023.06.15"]
[EventType "swiss"]
[EventRounds "8"]
[EventCountry "SVK"]
[SourceTitle "CBM 214 Extra"]
[Source "ChessBase"]
[SourceDate "2023.07.31"]
[SourceVersion "1"]
[SourceVersionDate "2023.07.31"]
[SourceQuality "1"]

1. d4 Nf6 2. Bf4 e6 3. e3 d5 4. Bd3 Bd6 5. Bg3 0-0 6. Nf3 c5 7. c3 Nc6 8. 0-0 Bxg3 9. hxg3 c4 10. Bc2 b5 11. Nbd2 b4 12. e4 bxc3 13. bxc3 dxe4 14. Nxe4 Bb7 15. Nxf6+ Qxf6 16. Rb1 Rab8 17. Be4 Na5 18. Bxb7 Rxb7 19. Rxb7 Nxb7 20. Qa4 Nd6 21. Qxa7 Ne4 22. Qa6 Nxc3 23. Qxc4 Nd5 24. a4 Qd8 25. Ra1 Qa5 26. Ne5 Qd2 27. a5 Qb2 28. Ra2 Qb1+ 29. Kh2 Qd1 30. Nf3 Nf6 31. Ne5 Qh5+ 1/2-1/2

[Event "SVK-ch Amateurs"]
[Site "Liptovsky Jan"]
[Date "2023.06.17"]
[Round "5"]
[White "Kluska, David"]
[Black "Urcikan, Filip"]
[Result "1/2-1/2"]
[WhiteElo "1188"]
[BlackElo "1393"]
[PlyCount "95"]
[EventDate "2023.06.15"]
[EventType "swiss"]
[EventRounds "8"]
[EventCountry "SVK"]
[SourceTitle "CBM 214 Extra"]
[Source "ChessBase"]
[SourceDate "2023.07.31"]
[SourceVersion "1"]
[SourceVersionDate "2023.07.31"]
[SourceQuality "1"]

1. e4 e6 2. d4 d5 3. Nc3 Nf6 4. Bg5 Be7 5. e5 Nfd7 6. h4 Bxg5 7. hxg5 Qxg5 8. Nh3 Qe7 9. Qg4 g6 10. Nf4 a6 11. Bd3 f5 12. Qg3 Nf8 13. Ncxd5 exd5 14. Nxd5 Qf7 15. Nf6+ Kd8 16. Qg5 Ne6 17. Qe3 Nd7 18. Nxd7 Qxd7 19. 0-0-0 c6 20. Bc4 b5 21. Bxe6 Qxe6 22. g3 Qd5 23. Qg5+ Kc7 24. Qe7+ Bd7 25. Rhe1 Rae8 26. Qa3 Be6 27. Rd3 Kb7 28. f4 h5 29. Red1 h4 30. gxh4 Rxh4 31. Rf3 Reh8 32. Rg3 Rh1 33. Rgg1 Rxg1 34. Rxg1 Rh1 35. Qg3 Rxg1+ 36. Qxg1 Bf7 37. b3 Qf3 38. Qh2 Qh5 39. Qf2 Bd5 40. Qe3 Qf3 41. Qd2 Kb6 42. Kb2 Qe4 43. Qc3 Qxf4 44. Qc5+ Kc7 45. Qe7+ Kb8 46. Qd8+ Kb7 47. Qe7+ Ka8 48. Qd8+ 1/2-1/2

[Event "SVK-ch Amateurs"]
[Site "Liptovsky Jan"]
[Date "2023.06.17"]
[Round "6"]
[White "Urcikan, Filip"]
[Black "Kucej, Robert"]
[Result "1-0"]
[WhiteElo "1393"]
[BlackElo "1643"]
[PlyCount "47"]
[EventDate "2023.06.15"]
[EventType "swiss"]
[EventRounds "8"]
[EventCountry "SVK"]
[SourceTitle "CBM 214 Extra"]
[Source "ChessBase"]
[SourceDate "2023.07.31"]
[SourceVersion "1"]
[SourceVersionDate "2023.07.31"]
[SourceQuality "1"]

1. d4 d5 2. Bf4 Nf6 3. Nf3 e6 4. e3 c5 5. c3 Be7 6. Bd3 Nc6 7. 0-0 0-0 8. Nbd2 h6 9. e4 dxe4 10. Nxe4 cxd4 11. Nxd4 Nxd4 12. cxd4 Qxd4 13. Qe2 Bd7 14. Be3 Qe5 15. Nxf6+ Bxf6 16. Qg4 Kh8 17. Qh3 Bg5 18. f4 Qd5 19. fxg5 Qxd3 20. Rad1 Qb5 21. gxh6 g6 22. Qh4 g5 23. Qd4+ Kh7 24. Qg7# 1-0